MS Word 6 pro Windows

Enregistré dans:
Détails bibliographiques
Auteurs principaux: Pecinovský, Rudolf (Auteur), Pecinovský, Jan (Auteur)
Format: Livre
Langue:tchèque
Publié: Praha : Grada, 1995
Tags: Ajouter un tag
Pas de tags, Soyez le premier à ajouter un tag!

MARC

LEADER 00000nam a22000003a 4500
001 stu29710
005 20150617225737.5
008 950626s1995----cs------------------cze-d
020 |a 80-7169-188-7 
040 |a STU  |b slo 
041 0 |a cze 
044 |a cs 
080 |a 519.68 
100 1 |a Pecinovský, Rudolf  |4 aut 
245 1 |a MS Word 6 pro Windows 
260 |a Praha :  |b Grada,  |c 1995 
300 |a 534 s 
700 1 |a Pecinovský, Jan  |4 aut 
996 |c V*43764/O-19037  |l VV14  |s P  |a 0  |w stu29710_0001 
996 |c V*43829/O-18058  |l VV7  |s P  |a 0  |w stu29710_0002 
996 |c V*44007/O-19159  |l VV8  |s P  |a 0  |w stu29710_0004